000 00856nam a2200253 i 4500
001 9240
003 ES-MaACL
005 20230906145632.0
008 930526s1993 sp ||||1| spa d
020 _a84-483-0005-X
080 _a32:929 Gorbachiov
080 _a32(47+57)"1985/91"
100 1 _aGorbachiov, Mijail Sergueevich.
_959129
245 1 0 _aMemoria de los años decisivos :
_b1985-1992 /
_cMijaíl Gorbachov ; [traducción del ruso por CL Servicios Lingüísticos].
260 _aMadrid :
_bAcento,
_c[1993]
300 _a381 p. ;
_c22 cm.
490 1 _aSigno más ;
_v5
600 1 4 _aGorbachiov, Mijail Sergueevich.
_959129
651 4 _aURSS-
_xHistoria-
_y1985-1991.
_9157400
651 4 _aURSS-
_xPolítica y gobierno-
_y1985-1991.
_99483
830 1 _aSigno más ;
_v5
_9178417
852 _aES-MaACL
_jL-16709
999 _c9240
_d9240